| 000 | 00636nam a2200169 4500 | ||
|---|---|---|---|
| 001 | 111091 | ||
| 003 | ES-MaACL | ||
| 007 | t| | ||
| 008 | 061121s1901 be r ||||1| spa d | ||
| 100 | 1 |
_aNagels, Ludovic. _984842 |
|
| 245 | 1 | 4 |
_aLes lois du jury _b: etude sur les origines : commentaire des lois belges : les projets de reforme : les legislations étráangeres / _cpar Ludovic Nagels et George Mayers , introdution par Edmond Picard. |
| 260 |
_aBrusselles : _bV. Ferdinand Larcier, _c1901. |
||
| 300 |
_aXI, 413 p. ; _c22 cm. |
||
| 700 | 1 |
_aMayers, Georges. _979369 |
|
| 700 | 1 |
_aPicard, Edmond. _991772 |
|
| 852 |
_aES-MaACL _jB-584 |
||
| 999 |
_c111091 _d111091 |
||